Fundamentos de la educación: unidad complementaria
Kaydedildi:
| Yazar: | |
|---|---|
| Materyal Türü: | Kitap |
| Dil: | İspanyolca |
| Baskı/Yayın Bilgisi: |
Valparaíso
Universidad de Playa Ancha de Ciencias de la Educación
1994
|
| Seri Bilgileri: | Programas Especiales
|
| Konular: | |
| Etiketler: |
Etiketle
Etiket eklenmemiş, İlk siz ekleyin!
|
MARC
| LEADER | 00000nam a2200000 a 4500 | ||
|---|---|---|---|
| 001 | UCT0742 | ||
| 003 | CL-VaPUC | ||
| 008 | 960906e19940000CL |||||||||||||||||spa|d | ||
| 082 | 0 | 4 | |a 370.11 |b NUÑ |2 21 |
| 100 | |a Núñez López, Francisco |e autor |9 335003 | ||
| 245 | 1 | 0 | |a Fundamentos de la educación: unidad complementaria |
| 300 | |a 64 p | ||
| 942 | |c BK | ||
| 945 | |d 19960906 00:00:00 |a nastorga | ||
| 260 | |a Valparaíso |b Universidad de Playa Ancha de Ciencias de la Educación |c 1994 | ||
| 650 | 0 | |a Educación y trabajo |9 332027 | |
| 650 | 0 | |a Educación tecnológica |9 307597 | |
| 650 | 0 | |a Evaluación de la educación |9 237505 | |
| 583 | |a last modification |c 19960906 00:00:00 |k Rodrigo Vera | ||
| 490 | 0 | |a Programas Especiales | |
| 999 | |c 251465 |d 251463 | ||
| 952 | |0 0 |1 0 |4 0 |6 370_110000000000000_NUÑ_1994 |7 0 |8 A |9 270649 |a BIBEDU |b BIBEDU |d 2019-11-19 |i 322631K |o 370.11 NUÑ 1994 |p 322631K |r 2019-11-19 |w 2019-11-19 |y BK |k EDU | ||